IFM Opac

Economic progress principle values and public police (Record no. 14352)

MARC details
000 -LEADER
fixed length control field 00389nam a22001337a 4500
020 ## - INTERNATIONAL STANDARD BOOK NUMBER
International Standard Book Number 0720405157
082 ## - DEWEY DECIMAL CLASSIFICATION NUMBER
Classification number 330ECO
245 ## - TITLE STATEMENT
Title Economic progress principle values and public police
260 ## - PUBLICATION, DISTRIBUTION, ETC.
Place of publication, distribution, etc. New York
Name of publisher, distributor, etc. North- Holland
Date of publication, distribution, etc. 1977
300 ## - PHYSICAL DESCRIPTION
Extent viii,339p
Other physical details ill,:25cm
500 ## - GENERAL NOTE
General note Include Appendix and index
650 ## - SUBJECT ADDED ENTRY--TOPICAL TERM
Topical term or geographic name entry element Economic progress principle values and public police
942 ## - ADDED ENTRY ELEMENTS (KOHA)
Koha item type Books
Holdings
Withdrawn status Lost status Damaged status Not for loan Home library Current library Shelving location Date acquired Total Checkouts Full call number Barcode Date last seen Price effective from Koha item type
Withdrawn       IFM Main Campus Library IFM Main Campus Library Archival Collection 12/17/2015   330ECO 0000007123 12/17/2015 02/19/2022 Books